000 00422nam a22001577a 4500
999 _c15291
_d15291
020 _a978-93-5124-820-0
082 _a630.76
_bSHA/GU
100 _aSharma, R. K (Edi.)
_92932
245 _aguide for agricultural competitive examinationos
250 _a3
260 _aNew Delhi
_bDaya Publishing House
_c2017
700 _aPanday, N
_92933
700 _aSingh, A. P
_91106
700 _aMaitry, R. S
_92569
942 _cBK